La iglesia chilena y los cambios sociopolíticos

Guardat en:
Dades bibliogràfiques
Autor principal: Huerta Malbrán, María Antonieta (Autor)
Altres autors: Pacheco Pastene, Luis (autor)
Format: Llibre
Idioma:espanyol
Publicat: Santiago Pehuén 1988
Matèries:
Etiquetes: Afegir etiqueta
Sense etiquetes, Sigues el primer a etiquetar aquest registre!

MARC

LEADER 00000cam a2200000 a 4500
001 UCV2171
003 CL-VaPUC
008 920109e19880000CL |||||||||||||||||spa|d
082 0 4 |a 261.7  |b HUE  |2 21 
100 |a Huerta Malbrán, María Antonieta  |e author  |9 319987 
700 |a Pacheco Pastene, Luis  |e autor  |9 401929 
245 1 3 |a La iglesia chilena y los cambios sociopolíticos 
300 |a 369 p 
942 |c BK 
945 |d 19920109 00:00:00 
260 |a Santiago  |b Pehuén  |c 1988 
650 0 |a Iglesia Católica y Estado  |9 257443 
650 7 |a IGLESIA CATOLICA HISTORIA  |2 CL-VaPUC  |9 257444 
651 7 |a CHILE  |2 CL-VaPUC  |9 296416 
583 |a last modification  |c 20160520 09:12:37  |k Rodrigo Vera 
999 |c 209845  |d 209843 
952 |0 0  |1 0  |4 0  |6 261_700000000000000_HUE_1988  |7 0  |8 DER_HDC  |9 185668  |a BIBDER  |b BIBDER  |d 2019-11-14  |i 2530996  |o 261.7 HUE 1988  |p 2530996  |r 2023-01-25  |w 2019-11-14  |x Ubicación 4to Piso  |y BK  |z Estos recursos deben solicitarse con anticipación  |k DER 
952 |0 0  |1 0  |3 erb  |4 0  |6 261_700000000000000_HUE_1988  |7 0  |8 A  |9 185669  |a FDOHBE  |b FDOHBE  |e Huesbe Llanos, Marco Antonio, 1934-  |i 5305152  |o 261.7 HUE 1988  |p 5305152  |r 2024-01-30  |w 2019-11-14  |y BK  |z Catalogado en:20160520  |k HBE